000 00922nam a2200205 a 4500
008 150817s2001 ||||||||||||||||| || u
020 _a9780130311177
050 _aQP 34.5 Mar
100 _aMartini, Frederic H
245 1 0 _aFundamentals of anatomy and physiology.(5th ed.)
_cby Frederic H. Martini and Kathleen Welch
250 _a5th ed.
260 _aNew Jersey
_bPrentice Hall
_c2001
300 _aviii, 298p. :ill.
350 _a0.07
650 _aHUMAN ANATOMY--TEXTBOOK
650 _aHUMAN PHYSIOLOGY--TEXTBOOK
650 0 _aBIOLOGY
995 _aMICHAEL CHILUFYA SATA OPEN ACCESS
_e903034
_FCBU-SCHOOL OF MEDICINE LIBRARY (Ndola)
_I0.07
_jQP 34.5 Mar
_M1
_UAVAILABLE
_WSep 7, 2015
_y903034
_ZMedical Library Open Access Collection
995 _aMEDICAL LIBRARY OPEN ACCESS
_e903035
_FCBU-SCHOOL OF MEDICINE LIBRARY (Ndola)
_I0.07
_jQP 34.5 Mar
_M2
_UAVAILABLE
_WSep 7, 2015
_y903035
_ZMedical Library Open Access Collection
999 _c63885
_d63885